Le Droit à la ville suivi de Espace et politique (Registro nro. 313375)

Detalles MARC
000 -ENCABEZADO
Número de control [NR] 00551 a2200157 4500
005 - FECHA Y HORA DE LA ÚLTIMA TRANSACCIÓN
control field 20190806102658.0
008 - DE LONGITUD FIJA DE DATOS DE ELEMENTOS - INFORMACIÓN GENERAL
Elementos de longitud fija [NR] 190613b1972 fr ||||| |||| 00| 0 spa d
040 ## - FUENTE DE CATALOGACION [NR]
Agencia de catalogación original [NR] CO-BoUCM
Idioma de catalogación [NR] spa
Quien Cataloga Oscar Ávila (modificó)
Quien Clasifica Oscar Ávila (modificó)
041 0# - CODIGO DE IDIOMA [R]
Código de idioma para texto/pista de sonido o título separado [R] Francés
100 10 - ASIENTO PRINCIPAL--NOMBRE PERSONAL [NR]
Nombre personal [NR] Lefebvre, Henri
ID Autoridad 68534
245 13 - MENCION DE TITULO [NR]
Título [NR] Le Droit à la ville suivi de Espace et politique
Mención de responsabilidad, etc. [NR] Henri Lefebvre
260 ## - PUBLICACION, DISTRIBUCION, ETC. (PIE DE IMPRENTA) [R]
Nombre del editor, distribuidor, etc. [R] Anthropos
Fecha de publicación, distribución, etc. [R] 1972
Lugar de publicación, distribución, etc. [R] Paris
Fecha de fabricación [R] 1972
650 #7 - ASIENTO SECUNDARIO DE MATERIA - TERMINO TEMATICO [R]
9 (RLIN) 24816
Término temático o nombre geográfico como elemento de entrada [NR] Sociología urbana
942 ## - ELEMENTOS DE ENTRADA AGREGADOS (KOHA)
Tipo de ítem principal el descrito en 300a Libro
Sistema de clasificación DEWEY
Tema principal Sociología
Edición 1
Clasificación 301.36
Parte restante de la signatura top. L489d
Título oculto en OPAC No
Existencias
Total préstamos Signatura topográfica Código de barras Última vez visto Ejemplar Costo de reposición Price effective from Tipo de ítem Perdido Sistema de clasificación Dañado No prestable Tipo de ítem específico Suprimido Ubicación habitual Ubicación actual Localización Fecha de creación Proveedor Forma de adquisición Costo
  301.36 L489d 100161285 09/12/2024 Ej.1 0.00 13/06/2019 Libro   DEWEY     Libro   BodegaJK Claustro Préstamo 2 días después de solicitado 13/06/2019 12 Donación 0.00